00401nam a2200121Ia 4500001000800000005001700008008004100025020001800066245006600084260002000150999002100170952008800191127023920260417151346.0260417s9999 xx 000 0 und d a9789752129863 0aKardeşimin Dünyası- Can Leo OkuldacPınar Boylu Gogulan bAltın Kitaplar c1270239d1270239 00104070a1109b1109d2026-04-17l0p1109187r2026-04-17 15:13:46w2026-04-17yBK